| 000 | 00000nam 2200000zi 4500 |
| 001 | 9.929842 |
| 003 | CaOODSP |
| 005 | 20240201151201 |
| 006 | m o d f |
| 007 | cr |n||||||||| |
| 008 | 231102t20232023onca ob f000 0 fre d |
| 020 | |a9780660686677 |
| 040 | |aCaOODSP|bfre|erda|cCaOODSP |
| 043 | |an-cn--- |
| 086 | 1 |aM144-328/2023F-PDF |
| 245 | 00|aChaudières à eau chaude à condensation au gaz naturel : |bdirectrices pour l’installation d’une chaudière en rénovation. |
| 264 | 1|a[Ottawa] : |bNatural Resources Canada = Ressources naturelles Canada, |c[2023] |
| 264 | 4|c©2023 |
| 300 | |a1 ressource en ligne (iv, 21 pages) : |billustrations en couleur |
| 336 | |atexte|btxt|2rdacontent/fre |
| 337 | |ainformatique|bc|2rdamedia/fre |
| 338 | |aressource en ligne|bcr|2rdacarrier/fre |
| 500 | |aPublié aussi en anglais sous le titre : Natural gas-fired hot water boiler: retrofit installation guidelines. |
| 504 | |aComprend des références bibliographiques. |
| 520 | |a« Ce document se veut une référence générale pour les concepteurs mécaniques et les entrepreneurs de systèmes de chaudières à usage résidentiel et commercial » -- Page 1. |
| 650 | 6|aChauffage à eau chaude|zCanada|xAppareils et matériel. |
| 650 | 6|aChauffage à eau chaude|xAppareils et matériel|xInstallation|zCanada. |
| 650 | 6|aImmeubles commerciaux|xÉconomies d'énergie|zCanada. |
| 650 | 6|aHabitations|xÉconomies d'énergie|zCanada. |
| 710 | 1 |aCanada. |bRessources naturelles Canada, |eorganisme de publication. |
| 775 | 08|tNatural gas-fired hot water boiler : |w(CaOODSP)9.929841 |
| 856 | 40|qPDF|s1.02 Mo|uhttps://publications.gc.ca/collections/collection_2024/rncan-nrcan/M144-328-2023-fra.pdf |